000 00548nam a22001817a 4500
999 _c57566
_d57566
005 20211220133559.0
008 200731s2018 eng||||| |||| 00| 0 enk d
020 _a9781842168783
041 _aenk
080 _a811.111.1 E-93
100 _aEvans, Virginia
_93157
245 _asuccessful writing :
_bUpper-intermediate /
_cVirginia Evans.
264 _aNewbury :
_bExpress Publishing,
_c2018.
300 _a135 p.;
_bill.,
_c30 cm.
653 _aინგლისური ენა
653 _aგრამატიკა
942 _2udc
_cBK